Именной список преподавателей и чиновников Императорского Варшавского университета, состоящих к 1 января 1880 года

Доступно только в Электронных читальных залах Найти на картеНа карте
RUSMARC
00003733nmc2a22002413x 450
00181c7681a-f0d8-409c-809e-353a237f6b32
00520220414121614.0
100##$a20220202l18791880k l0rusy0189 ca
1010#$arus
102##$aRU
105##$ay###
1222#$ad
2001#$aИменной список преподавателей и чиновников Императорского Варшавского университета, состоящих к 1 января 1880 года
$j1879 г. - 1 января 1880 г.
215##$a20 л.
$d36,5х26 см
251##$cДело
300##$aВаршавский учебный округ
371##$aДокумент не является опубликованным и широко распространяемым
461#0$1001a74412a3-3cc5-4d21-8f0a-dfe2fbd9e72d
$12001
$aДепартамент народного просвещения Министерства народного просвещения
$1251
$cФонд
$1852
$j733
462#0$1001806be975-d691-4c06-b662-6ab985ccae05
$12001
$aОтчеты научных учреждений и учебных заведений Департамента народного просвещения
$1251
$cОпись
$1852
$j202
801#0$aRU
$bРГИА
$c20220202
$gRCR
801#1$aRU
$bГлавНИВЦ
$c20220202
$2rusmarc
801#2$aRU
$bПБ им. Б.Н. Ельцина
$c20220414
$gRCR
$2rusmarc
850##$aРГИА
852##$aРГИА
$eФедеральное казенное учреждение "Российский государственный исторический архив" (РГИА)
$j493
937##$hРГИА
$d12375038
$aASBIBLIO_SCAN
035##$aRusGRCC00038488
856##$uhttp://readingroom.main.prlib.ru/item.aspx?id_node=n175540603&mode=full
Формат отображения